| 000 | 00607nam a22002297a 4500 | ||
|---|---|---|---|
| 003 | Ost | ||
| 005 | 20250903085528.0 | ||
| 008 | 250902b |||||||| |||| 00| 0 eng d | ||
| 020 | _a9780367460891 | ||
| 040 | _cBT-PhCST | ||
| 050 | _a25534-25536 | ||
| 082 |
_222 _a627 _bCHA |
||
| 100 | _aChadwick, Andrew. | ||
| 245 | _aHydraulics in civil and environmental engineering / | ||
| 250 | _a6th ed. | ||
| 260 |
_aLondon : _bCRC Press, _cc2021. |
||
| 300 |
_axxxix, 612 p. ; _bill. ; _c24 cm. |
||
| 500 | _aincludes index | ||
| 700 | _aMorfett, John. | ||
| 700 | _aBorthwick, Martin. | ||
| 942 |
_2ddc _cWRE |
||
| 999 |
_c10104 _d10104 |
||